| 000 | 02241nam a2200265Ia 4500 | ||
|---|---|---|---|
| 003 | OSt | ||
| 005 | 20210614183120.0 | ||
| 008 | 210310s2013 ck ad gr 000 0dspa d | ||
| 020 | _a9789588489315 | ||
| 040 |
_aCO-JMCR _cCO-JMCR |
||
| 041 | 0 | _aspa | |
| 082 | 0 | 4 |
_a333.72 / _bA473g _223 |
| 100 | 1 |
_aÁlvarez Trillos, José Antonio, _916020 _eautor |
|
| 245 | 1 | 3 |
_aEl gerente ante el desarrollo industrial sostenible en la región fronteriza colombo-venezolana / _cJosé Antonio Álvarez Trillos |
| 250 | _aPrimera edición | ||
| 260 |
_aBogotá : _bEcoe Ediciones, _c2013 |
||
| 300 |
_axx, 288 páginas : _bilustraciones y gráficas a blanco y negro ; _c22 cm. |
||
| 500 | _aIncluye datos biográficos del autor. | ||
| 504 | _aBibliografía: páginas [255]-267 | ||
| 505 | 0 | _aProblematizando la realidad ambiental presente en la región fronteriza colombo-venezolana -- Discusión teórica del estado de la cuestión ambiental --Una metodología para el abordaje del problema ambiental en la especificidad de la Región colombo-venezolana -- Una actitud gerencial ante el desarrollo industrial sostenible en la región sostenible en la región fronteriza colombo-venezolana -- Meditando el futuro ambiental | |
| 520 | 3 | _aSemestre a semestre la Universidad Francisco de Paula Santander, reafirma el compromiso institucional con los procesos de mejoramiento continuo tanto en los aspectos misionales de nuestra casa de estudios, como también en sus procesos de apoyo académico. Nuestra alma mater se propone nuevos retos a partir de los logros alcanzados, en muchos de ellos, como en todo proceso, los resultados empiezan a recibir en forma gradual, siendo lo más importante la participación y compromiso de los diferentes miembros de la comunidad universitaria. Hemos alcanzado un alto sentido de pertenencia en nuestra comunidad universitaria, el logro de metas propuestas, y la superación de retos, mostrando un alto compromiso institucional en el proceso de reconocernos como la universidad que somos, para avanzar hacia la universidad que queremos ser. | |
| 650 | 1 | 4 |
_aDesarrollo industrial _916022 _xInvestigaciones _xAspectos ambientales |
| 650 | 2 | 4 |
_aDesarrollo sostenible _xInvestigaciones _938370 |
| 942 |
_2ddc _cBK |
||
| 999 |
_c7991 _d7991 |
||